000 00626 a2200157 4500
082 _a620.136 ACI
100 _aEdited by Malhotra,V.M.
245 _aFly ash, silica fume, slag & natural pozzolans in concrete :
_bproceedings, Sixth CANMET/ACI International Conference, Bangkok, Thailand, 1998 [vol-2]/
_ceditor, V.M. Malhotra.
260 _aFarmington Hills, Mich. :
_bACI International,
_cc1998.
300 _a2 v. (x, 1154 p.) :
_bill. ;
_c23 cm.
650 _aConcrete
_xSP 178
650 _aFly ash
_xCongresses.
650 _aSilica fume
_xCongresses.
650 _aPozzuolanas
_xCongresses.
650 _aSlag
_xCongresses.
830 0 _aPublication SP ;
999 _c848
_d848